Breaking the silences : lesbian and gay parents and the schools (Record no. 63406)

MARC details
000 -CABECERA
campo de control de longitud fija 00713nam a2200253 a 4500
005 - FECHA Y HORA DE LA ÚLTIMA TRANSACCIÓN
campo de control 20210219152911.0
008 - ELEMENTOS DE LONGITUD FIJA--INFORMACIÓN GENERAL
campo de control de longitud fija 991125n 000 0 eng u
035 ## - NÚMERO DE CONTROL DEL SISTEMA
Número de control de sistema UPN01000066265
100 ## - ASIENTO PRINCIPAL--NOMBRE PERSONAL
Nombre de persona Casper, Virginia
222 ## - TÍTULO CLAVE
Título clave TEACHERS COLLEGE RECORD
245 ## - MENCIÓN DE TÍTULO
Título Breaking the silences : lesbian and gay parents and the schools
300 ## - DESCRIPCIÓN FÍSICA
Extensión 109-137
362 ## - FECHAS DE PUBLICACIÓN Y/O DESIGNACIÓN SECUENCIAL
Fecha de publicación y/o designación secuencial 1992 94, No. 1
505 ## - NOTA DE CONTENIDO CON FORMATO PREESTABLECIDO
Nota de contenido con formato Mayo 1993
653 0# - TERMINO DE INDIZACION - NO CONTROLADO
Término no controlado ACTITUDES ESCOLARES
653 0# - TERMINO DE INDIZACION - NO CONTROLADO
Término no controlado CAMBIO EDUCATIVO
653 0# - TERMINO DE INDIZACION - NO CONTROLADO
Término no controlado DESCUBRIMIENTO DE SI MISMO (INDIVIDUO)
653 0# - TERMINO DE INDIZACION - NO CONTROLADO
Término no controlado HOMOSEXUALIDAD
653 0# - TERMINO DE INDIZACION - NO CONTROLADO
Término no controlado RELACION PADRES-ESCUELA
700 ## - ASIENTO SECUNDARIO--NOMBRE DE PERSONAL
Nombre de persona Schultz, Steven
700 ## - ASIENTO SECUNDARIO--NOMBRE DE PERSONAL
Nombre de persona Wickens, Elaine
904 ## - ELEMENTOS DE DATOS D LOCAL, LDD (RLIN)
a AC
b 004076
905 ## - TIPO DE MATERIAL
Tipo de material Articulo

No items available.